000 02491cam a22002055a 4500
001 L156293
008 120510s1777 xxk f 000 0 eng d
035 _a(Sirsi) u156293
041 0 _aeng
100 1 _aBowen, Emanuel
_dd. 1767
245 0 4 _aThe large English atlas
_bor, a new set of maps of all the counties in England and Wales, drawn from the several surveys which have been hitherto published. With three general Maps of England, Scotland, and Ireland, From the latest and best Authorities. 1 England 2 Scotland 3 Ireland 4 Bedfordshire 5 Berkshire 6 Buckinghamshire 7 Cambridgeshire 8 Cheshire 9 Cornwall 10 Derbyshire 11 Devonshire 12 Dorsetshire 13 Durham 14 Essex 15 Gloucestershire and Monmouthshire 16 Hampshire 17 Hertfordshire 18 Herefordshire 19 Huntingdonshire 20 Kent 21 Lancashire 22 Leicestershire and Rutlandshire 23 Lincolnshire 24 Middlesex 25 Norfolk 26 Northamptonshire 27 Northumberland 28 Nottinghamshire 29 Oxfordshire 30 Shropshire 31 Somersetshire 32 Staffordshire 33 Suffolk 34 Surrey 35 Sussex 36 Warwickshire 37 Westmoreland and Cumberland 38 Wiltshire 39 Worcestershire 40 Yorkshire 41 East Riding of ditto 42 North Riding of ditto 43 West Riding of ditto 44 Cardiganshire and Pembrokeshire 45 Carmarthenshire and Glamorganshire 46 Radnorshire and Brecknockshire 47 North Wales, Containing in one Map the Counties of Carnarvon Denbigh Flint Merioneth Montgomery and The Island of Anglesey laid down on a large scale, And containing all the Cities, Towns, Villages, and Churches, whether Rectories or Vicarages, Chapels, many Noblemen's and Gentlemen's Seats, &c. &c. Each Map is Illustrated With a General Description of the County, its Cities, Borough and Market Towns, the Number of Members returned to Parliament, of Parishes, Houses, Acres of Land, &c. And Historical Extracts relative to the Trade, Manufactures, and Government of the Cities and Principal Towns, and the present State of their Inhabitants, &c. By Emanuel Bowen, Geographer to His Majesty, Thomas Kitchen, and others.
260 _aLondon
_bprinted and sold by T. Bowles, in St. Paul's Church-Yard; John Bowles, at the Black Horse, in Cornhill, and Robert Sayer, at the Buck, in Fleet-Street
_c[1777?]
300 _a[2] p., 47 double plates
_bmaps
_c2o
520 _aTitlepage in red and black.
583 _aCondition reviewed
_c20110620
_lcondition level 3
651 4 _aEngland and Wales
_y1543-
690 _aGeomatics
_96242
700 1 _aKitchin, Thomas
_dd. 1784
942 _n0
999 _c114160
_d114160